Série télévisée et espace domestique : La télévision, la maison, le monde (notice n° 1993519)

détails MARC
000 -LEADER
fixed length control field 01085cam a2200145 4500500
005 - DATE AND TIME OF LATEST TRANSACTION
control field 20260329044553.0
041 ## - LANGUAGE CODE
Language code of text/sound track or separate title fre
042 ## - AUTHENTICATION CODE
Authentication code dc
100 10 - MAIN ENTRY--PERSONAL NAME
Personal name Mottet, Jean
Relator term author
245 00 - TITLE STATEMENT
Title Série télévisée et espace domestique : La télévision, la maison, le monde
260 ## - PUBLICATION, DISTRIBUTION, ETC.
Name of publisher, distributor, etc. L'Harmattan,<br/>
Date of publication, distribution, etc. 2005.<br/>
520 ## - SUMMARY, ETC.
Summary, etc. A l'heure où, du Loft à La Ferme, la télé-réalité multiplie les "maisons-cages", ce livre interroge les changements apportés par la télévision dans l'expression de notre besoin primordial d'habitation. Où est la maison de la télévision ? Qu'est-ce qui la définit ? Aujourd'hui, en Europe, l'examen de nos fictions sérielles révèle la permanence d'un désir de maison. Souvent déterminés par la recherche d'un ancrage local qui fait sens, ces récits de longue durée semblent parfois ouvrir la possibilité encore inaperçue d'une autre manière d'habiter le monde.
700 10 - ADDED ENTRY--PERSONAL NAME
Personal name Motte dit Falisse, Jean
Relator term author
856 41 - ELECTRONIC LOCATION AND ACCESS
Uniform Resource Identifier <a href="https://shs.cairn.info/Serie-televisee-et-espace-domestique--9782747569095?lang=fr&redirect-ssocas=7080">https://shs.cairn.info/Serie-televisee-et-espace-domestique--9782747569095?lang=fr&redirect-ssocas=7080</a>

Pas d'exemplaire disponible.

PLUDOC

PLUDOC est la plateforme unique et centralisée de gestion des bibliothèques physiques et numériques de Guinée administré par le CEDUST. Elle est la plus grande base de données de ressources documentaires pour les Étudiants, Enseignants chercheurs et Chercheurs de Guinée.

Adresse

627 919 101/664 919 101

25 boulevard du commerce
Kaloum, Conakry, Guinée

Réseaux sociaux

Powered by Netsen Group @ 2025